000 01184 a2200241 4500
005 20080911164216.0
008 080911t xxu||||| |||| 00| 0 hin d
010 _aHIN-79771
020 _a8188613223
_c150.00
035 _aHN-52117
037 _bD.B.Act / pub
082 _a
100 _aचट्टोपाध्याय, बंकिमचन्द्र
245 _aविषवृक्ष
_cबंकिमचन्द्र चट्टोपाध्याय
246 _aVishvriksh
260 _aदिल्ली
_bराजभाषा पुस्तक प्रतिष्ठान
_c2006
270 _aएल-45,गली नं.5,शिवाजी मार्ग, करतार नगर
_bदिल्ली
_e110053
300 _a135पृ
_c22 सेमी (सजिल्द)
650 _aहिन्दी उपन्यास
650 _aHindi Novel
942 _adpl
_cHN
_kउ / चट्टोपा
_2ddc
_h
_mचट्टोपा
999 _c3661
_d3661